| 000 | 00405nam a2200133Ia 4500 | ||
|---|---|---|---|
| 008 | 190723s9999 xx 000 0 und d | ||
| 020 | _a9780810959534 | ||
| 100 | _aMartin, Gilles | ||
| 245 |
_cGilles Martin _aButterflies of the world/ |
||
| 260 |
_aNew York: _bAbrams _c2006 |
||
| 300 |
_a222 p. : _bcol. ill. ; _c240 cm. |
||
| 500 | _aIncludes bibliographical references and index | ||
| 650 | _aButterflies | ||
| 999 |
_c362004 _d362004 |
||